| 000 | 00823nam a2200277Ia 4500 | ||
|---|---|---|---|
| 001 | Para_6268 | ||
| 003 | CHAP | ||
| 008 | 220125s1985 xx 000 0 und d | ||
| 010 | _a205011 | ||
| 040 | _cCHAP | ||
| 090 | _aPA FOLLETO 366 | ||
| 100 |
_aDávalos González, Pedro A. _933086 |
||
| 245 |
_aGuía para cultivar fresa en Irapuato / _c por Pedro A. Dávalos González [y otros] |
||
| 260 |
_aCelaya, Gto. : _b INIA. CIAB |
||
| 300 | _a26 p. | ||
| 440 |
_aFolleto para productores; 14 _9170754 |
||
| 650 | 7 |
_aFresas _2 _943185 |
|
| 710 |
_aInstituto Nacional de Investigaciones Agrícolas (México). CIAB _9164111 |
||
| 901 | _aPA FOLLETO 366 | ||
| 902 | _aA | ||
| 905 | _a0000001985 a 0000000000 00 | ||
| 910 | _a1985 | ||
| 942 | _cPARA | ||
| 942 |
_cPARA _d1 |
||
| 999 |
_c205011 _d205011 |
||